Mujeres: olvidos y memorias en los márgenes. Chile y América, siglos XVII-XXI.
Guardat en:
| Autor principal: | |
|---|---|
| Format: | Llibre |
| Publicat: |
Temuco, Chile:
Ediciones Universidad de La Frontera,
2020.
|
| Edició: | Primera edición. |
| Col·lecció: | Colección Historia y Ciencias Sociales
|
| Matèries: | |
| Accés en línia: | Disponible Online - Biblioteca Digital UFRO |
| Etiquetes: |
Afegir etiqueta
Sense etiquetes, Sigues el primer a etiquetar aquest registre!
|
MARC
| LEADER | 00000nam a22000007a 4500 | ||
|---|---|---|---|
| 003 | CL-VaPUC | ||
| 005 | 20240717093811.0 | ||
| 008 | 240423t2020 ||||| |||| 00| 0 eng d | ||
| 999 | |c 443590 |d 443588 | ||
| 020 | |a 978-956-236-359-4 | ||
| 040 | |c Pontificia Universidad Católica de Valparaíso | ||
| 082 | 7 | |2 22 |a 305.42 GON 2020 | |
| 100 | 1 | |a González Gómez, Yéssica |e editora |9 888521 | |
| 245 | |a Mujeres: olvidos y memorias en los márgenes. |b Chile y América, siglos XVII-XXI. | ||
| 250 | |a Primera edición. | ||
| 260 | |a Temuco, Chile: |b Ediciones Universidad de La Frontera, |c 2020. | ||
| 300 | |a 297 páginas. | ||
| 490 | |a Colección Historia y Ciencias Sociales | ||
| 500 | |a c.1. Donación Ricardo Iglesias. Memo HIS/05. 09-4-2024 c.1. Donación Ricardo Iglesias. Memo HIS/016. 28-6-2024 | ||
| 583 | |c 20240423 |k Catalogador Asistente | ||
| 650 | 0 | |9 257649 |a Mujeres |v Estatuto jurídico |v Procesos por brujería |v Mestizas |v Escribanas |v Afrodescendientes |z Perú |z Chile | |
| 650 | 0 | |9 535002 |a Violencia de género |v Mujeres mapuches |v Convenio 169 OIT |z Chile | |
| 650 | 0 | |9 888611 |a Mujeres marginadas |y Perú |z Chile | |
| 856 | |u https://bibliotecadigital.ufro.cl/?a=view&item=1672 |y Disponible Online - Biblioteca Digital UFRO | ||
| 942 | |2 ddc |c BK |n 0 | ||
| 952 | |0 0 |1 0 |2 ddc |4 0 |6 305_420000000000000_GON_2020 |7 0 |8 A |9 594168 |a BIBHIS |b BIBHIS |d 2024-04-23 |e Donación |i 5660796 |o 305.42 GON 2020 |p 5660796 |r 2025-01-20 |t 1 |w 2024-04-23 |y BK |k HIS | ||
| 952 | |0 0 |1 0 |2 ddc |4 0 |6 305_420000000000000_GON_2020 |7 0 |8 A |9 595301 |a BIBHIS |b BIBHIS |d 2024-07-04 |e Donación |i 5661682 |o 305.42 GON 2020 |p 5661682 |r 2025-01-20 |t 2 |w 2024-07-04 |y BK |k HIS | ||